000 00464nam a22001937a 4500
003 MPLRDC
005 20220104143542.0
008 210129b ||||| |||| 00| 0 eng d
020 _a7-5015-1916-1
082 _a848.2 LQX-28
100 _a林清玄 等
245 _a寻找幸运草
_c
250 _a初版
260 _a
_b知识出版社
_c1999
300 _b
490 _a林清玄散文精品
650 _a现代别集
942 _cBK
_o848.2 LQX-28
999 _c41029
_d41019